Society and economy : (Record no. 39223)

MARC details
000 -LEADER
fixed length control field 00740nam a22002057a 4500
005 - DATE AND TIME OF LATEST TRANSACTION
control field 20100804122956.0
010 ## - LCCN (DPL NO)
LC control number ENG-98215
020 ## - INTERNATIONAL STANDARD BOOK NUMBER
Terms of availability 120.00
035 ## - SYSTEM CONTROL NUMBER
System control number EN-81748
037 ## - SOURCE OF ACQUISITION
Source of stock number/acquisition DBAD/PUB
082 ## - DEWEY DECIMAL CLASSIFICATION NUMBER
Classification number 330.1
100 ## - MAIN ENTRY--PERSONAL NAME
Personal name Sreekumar, P. K.
245 ## - TITLE STATEMENT
Title Society and economy :
Statement of responsibility, etc by P. K. Sreekumar,
Remainder of title unider the chalukyas of vatapi C. AD 500-C.AD 8010 /
260 ## - PUBLICATION, DISTRIBUTION, ETC. (IMPRINT)
Place of publication, distribution, etc Kuppam
Name of publisher, distributor, etc Dravidian University
Date of publication, distribution, etc 2009
270 ## - ADDRESS
Address Srinivasavanam
City Kuppam
Postal code 517425
300 ## - PHYSICAL DESCRIPTION
Extent xi, 193 p.
Other physical details 21cm (Pbk)
500 ## - GENERAL NOTE
General note Includes bibliographical references
942 ## - ADDED ENTRY ELEMENTS (KOHA)
Source of classification or shelving scheme Dewey Decimal Classification
Item type English Books
Classification part 330.1
Call number suffix SRE
Holdings
Withdrawn status Lost status Not for loan Collection code Home library Current library Date acquired Cost, normal purchase price Full call number Barcode Copy number Cost, replacement price Koha item type
    Not For Loan Non-fiction D.B.Act.Division D.B.Act.Division 04/08/2010 120.00 330.1 SRE EN-81748 1 120.00 English Books

© Delhi Public Library
Hit Counter
free hit counter